000
00240nam a22001097a 4500
082
_a
823
_b
ORI/D
100
_a
ORIENT LONGMAN
245
_a
A DOG NAMED LUCKY
260
_b
ORIENT LONGMAN
_c
1992
650
_a
PASSAGE LEAFLET
_z
INDIA
942
_c
BK
999
_c
4007
_d
4007